LEADER 01409nam a2200277 a 4500 001 000000162223 003 CaOOAMICUS 005 20170724135850.0 006 a 000 u 008 170724s1989 it m 001 u por r 032 $aLibriCat 040 $aPUL$bita 100 1 $aAndrade, Paulo Fernando Carneiro de.$0(OLS)http://pul/name/104038 245 10$aAnálise da realidade social e teologia da libertaçáo : $bo debate teologico na América Latina e a contribuição do Magistério Romano /$c Paulo Fernando Carneiro de Andrade . 260 $aRoma :$b[s.n.],$c1989. 300 $ax, 195 p. ; $c25 cm. 502 $aEstratto di Tesi -- Pontificia Università Gregoriana. Facoltà di Teologia. 1989. 504 $aBibliografia in nota a piè pagina. 650 04$aTeologia$zAmerica latina.$0(OLS)http://pul/subject/22864 710 2 $aPontificia Università Gregoriana.$bFacoltà di teologia.$kTesi.$0(OLS)http://pul/name/81592 850 $aPUL 852 $aPUL$W1$xDP1 Tesi Pon. Univ. Gregoriana$y40$mTH PUG 3573$j186210$qTesi$B189431$CPULBib$Z2$F189431 $H62008 $82 941 1 $a16 996 $6245$aAnálise da realidade social e teologia da libertaçáo : $bo debate teologico na América Latina e a contribuição do Magistério Romano$9(OLS)http://pul/title/201987 996 $6260$aRoma :$b[s.n.]$9(OLS)http://pul/publisher/47958 LEADER 01727nam a2200397 a 4500 001 000000166046 003 CaOOAMICUS 005 20180219111414.0 008 180219s2008 it u000 u ita r 020 $z978-88-339-1849-5* 032 $aLibriCat 040 $aPUL$bita 041 1 $aita$hfre 082 04$a200.92 100 1 $aEliade, Mircea,$d1907-1986.$0(OLS)http://pul/name/1652 240 10$aTraité d'histoire des religions.$lItaliano.$0(OLS)http://pul/title/37854 245 10$aTrattato di storia delle religioni /$cMircea Eliade ; a cura di Pietro Angelini ; traduzione di Virginia Vacca, riveduta da Gaetano Riccardo. 250 $a3. ed. 260 $aTorino :$bBollati Boringhieri,$c2008. 300 $aXLIX, 488 p. ;$c19 cm. 490 1 $aUniversale Bollati Boringhieri ;$v552 500 $aInclude indice. 504 $aBibliografia nelle note finali. 650 4$aReligioni$xStoria.$0(OLS)http://pul/subject/130 700 1 $aVacca, Virginia.$0(OLS)http://pul/name/8178 700 1 $aAngelini, Pietro.$0(OLS)http://pul/name/80835 700 1 $aRiccardo, Gaetano.$0(OLS)http://pul/name/107040 830 0$aUniversale Bollati Boringhieri ;$v552.$0(OLS)http://pul/title/102009 850 $aPUL 852 $aPUL$W1$xSL Religione 3$y85$m200. 92 ELIMI 2$j190562$bRist. del 2016$qDDC 21$B193451$CPULBib$Z2$F193451 $H130517 $81 941 1 $a9 996 $6020$z978-88-339-1849-5*$9(OLS)http://pul/number/163542 996 $6082$a200.92$9(OLS)http://pul/classification/2560 996 $6245$aTrattato di storia delle religioni$9(OLS)http://pul/title/37855 996 $6260$aTorino :$bBollati Boringhieri$9(OLS)http://pul/publisher/47883